Sojización y enfermedad holandesa en Argentina: ¿la maldición verde? /
El artículo examina los efectos de la expansión de la producción de soja en Argentina, conocida como "sojización", y su relación con la enfermedad holandesa. Se analiza cómo la dependencia en la exportación de soja puede impactar la economía y estructura productiva del país, considerando i...
Guardado en:
| Autor principal: | |
|---|---|
| Otros Autores: | |
| Formato: | Texto |
| Lenguaje: | Spanish |
| Materias: | |
| Etiquetas: |
Agregar Etiqueta
Sin Etiquetas, Sea el primero en etiquetar este registro!
|
MARC
| LEADER | 00000 a a2200000 04500 | ||
|---|---|---|---|
| 001 | 46194 | ||
| 003 | cru IIS | ||
| 005 | 20230904102526.0 | ||
| 008 | 230904b |||||||| |||| 00| 0 spa d | ||
| 040 | |c CRAI | ||
| 100 | |a Puyana, Alicia | ||
| 245 | |a Sojización y enfermedad holandesa en Argentina: |b ¿la maldición verde? / |c Alicia Puyana, Agostina Constantino | ||
| 520 | |a El artículo examina los efectos de la expansión de la producción de soja en Argentina, conocida como "sojización", y su relación con la enfermedad holandesa. Se analiza cómo la dependencia en la exportación de soja puede impactar la economía y estructura productiva del país, considerando implicaciones económicas, sociales y ambientales. Mediante un enfoque respaldado por datos gráficos y tablas, se exploran los desafíos y medidas de mitigación asociados con este proceso, considerando la sostenibilidad y los posibles impactos en múltiples áreas. RAR 08/2023 | ||
| 650 | 0 | |2 OCDE |9 143 |a ECONOMIA | |
| 650 | 0 | |2 OCDE |9 95 |a EXPORTACIONES | |
| 650 | 0 | |2 OCDE |9 2215 |a ESTRUCTURA AGRARIA | |
| 650 | 0 | |2 OCDE |9 11649 |a DESAFIOS | |
| 650 | 0 | |2 OCDE |9 2049 |a DESARROLLO SOSTENIBLE | |
| 700 | |a Constantino, Agostina | ||
| 773 | |g volumen44, número175 ( , 2013), páginas 81-100 : tablas, gráficos | ||
| 773 | 0 | |0 19182 |9 4009 |a Universidad Nacional Autónoma de México. |d México, D.F.: UNAM, 1969- |o 14273 |t Problemas del desarrollo: |x 03017036 | |
| 942 | |2 ddc |c PP | ||
| 999 | |c 37852 |d 37852 | ||
